00410nam a2200121Ia 4500008004100000082002100041100002800062245004500090260004200135300000900177630005000186650005200236211118s9999||||xx |||||||||||||| ||und|| a894.81207bANA-M aAnakayam, Seyd Muhammod 0aMuhammad Nabi Pracharanavum Yadarthyavum bHikmath PublicationsaKozhikodec2000 a256p xResearch in Malayalam LiteratureGeneral Stack aMalayalam LiteraturevMalayalam EssaysMalayalam